[Event "Mechanics' Spring TNM; 30/90, SD/30"]
[Site "San Francisco"]
[Date "2009.04.21"]
[Round "6.1"]
[White "Shakhnazarov, Oleg"]
[Black "Sandberg, Evan"]
[Result "0-1"]
[WhiteElo "2178"]
[BlackElo "2009"]
[PlyCount "120"]
[EventDate "2009.??.??"]

1. d4 d5 2. Nf3 Nf6 3. Bf4 Bf5 4. Nbd2 c6 5. h3 Qb6 6. b3 e6 7. e3 Bb4 8. Be2
Ne4 9. O-O Nc3 10. Qe1 Bxc2 11. a3 Be7 12. b4 Ba4 13. Bd3 Bb5 14. Bxb5 Qxb5 15.
Kh1 a5 16. bxa5 O-O 17. Bc7 Rc8 18. Bb6 Nd7 19. Nb1 Nxb6 20. Nxc3 Qxa5 21. Ne5
f6 22. Nd3 Na4 23. Rc1 Nxc3 24. Rxc3 Bxa3 25. Qd2 Bb4 26. Nxb4 Qxb4 27. Qc2 Ra3
28. Rxa3 Qxa3 29. Rb1 Rb8 30. Qd1 Qf8 31. Qg4 Qd6 32. Rb6 f5 33. Qd1 f4 34. Qd3
Qc7 35. Qb1 fxe3 36. fxe3 h6 37. Rb3 b5 38. Qg6 Qf7 39. Qc2 Qd7 40. Qc5 Ra8 41.
Rb1 Rf8 42. Rc1 Qc7 43. Qxb5 cxb5 44. Rxc7 Rb8 45. Rc3 b4 46. Rb3 Kf7 47. Kg1
Ke7 48. Kf2 Kd6 49. Ke2 Kc6 50. Kd3 Kb5 51. Rb1 Ra8 52. Rb2 Ra3+ 53. Kd2 Rc3
54. h4 Rc7 55. Kd3 Ra7 56. h5 Rb7 57. g4 Kc6 58. Rc2+ Kd6 59. Rb2 Ke7 60. Re2
Kf6 0-1

[Event "Mechanics' Winter TNM; 30/90, SD/30"]
[Site "San Francisco"]
[Date "2009.01.27"]
[Round "4.2"]
[White "Shakhnazarov, Oleg"]
[Black "Sandberg, Evan"]
[Result "1-0"]
[WhiteElo "2163"]
[BlackElo "1998"]
[PlyCount "94"]
[EventDate "2009.??.??"]

1. e4 c5 2. Nc3 Nc6 3. Nf3 g6 4. d4 cxd4 5. Nxd4 Bg7 6. Be3 Nf6 7. f3 O-O 8.
Bc4 Qb6 9. Ncb5 a6 10. Nf5 Qa5+ 11. Bd2 Qd8 12. Nbd4 gxf5 13. Nxf5 d5 14. Bd3
dxe4 15. fxe4 Bxf5 16. exf5 Ne5 17. Be2 Ne4 18. Be3 Qxd1+ 19. Rxd1 Nd6 20. O-O
Nec4 21. Bg5 f6 22. Bc1 Ne5 23. Rd4 Ndf7 24. Rh4 Rac8 25. c3 Rfd8 26. Be3 Nd3
27. Bd4 Nfe5 28. Rh3 Nc5 29. b4 Ne4 30. Bd1 b5 31. Bb3+ Kh8 32. Re1 Ng5 33. Rg3
h6 34. h4 Nh7 35. Re4 Rf8 36. Rge3 Rcd8 37. g4 Nc6 38. Bc5 Rd7 39. a4 Rfd8 40.
c4 bxc4 41. Bxc4 Rd1+ 42. Kf2 R8d2+ 43. Re2 Rxe2+ 44. Bxe2 Ra1 45. b5 axb5 46.
axb5 Ne5 47. b6 Nd7 1-0

[Event "Mechanics' Winter TNM; 30/90, SD/30"]
[Site "San Francisco"]
[Date "2009.01.13"]
[Round "2.2"]
[White "Shakhnazarov, Oleg"]
[Black "Shnaiderman, Lazar"]
[Result "1-0"]
[WhiteElo "2163"]
[BlackElo "1849"]
[PlyCount "76"]
[EventDate "2009.??.??"]

1. e4 c5 2. Nc3 Nc6 3. Nf3 e5 4. g4 d6 5. Rg1 Be7 6. Bc4 Be6 7. Nd5 Qd7 8. d3
Na5 9. Bb5 Nc6 10. c3 Rc8 11. g5 Bd8 12. Nh4 a6 13. Bxc6 Qxc6 14. Ne3 g6 15.
Qf3 h6 16. Nhf5 gxf5 17. g6 f4 18. gxf7+ Bxf7 19. Nf5 Bf6 20. Bd2 Ne7 21. Ng7+
Bxg7 22. Rxg7 Rg8 23. Rxg8+ Nxg8 24. O-O-O Nf6 25. Qh3 h5 26. f3 Ke7 27. Be1
Qd7 28. Qh4 Rg8 29. d4 cxd4 30. cxd4 Qa4 31. dxe5 dxe5 32. Qf2 Rc8+ 33. Bc3
Qxa2 34. Qb6 Qa1+ 35. Kd2 Rd8+ 36. Qxd8+ Kxd8 37. Rxa1 b6 38. Rxa6 Kc7 1-0

[Event "Mechanics' Wilkerson Mem TNM; 30/90, SD"]
[Site "San Francisco"]
[Date "2009.08.04"]
[Round "2.3"]
[White "Shakhnazarov, Oleg"]
[Black "Standen, Julian"]
[Result "1-0"]
[WhiteElo "2194"]
[BlackElo "1752"]
[PlyCount "39"]
[EventDate "2009.??.??"]

1. e4 c6 2. d4 d5 3. e5 Bf5 4. g4 Bd7 5. c4 e6 6. a3 Ne7 7. Nc3 dxc4 8. Bxc4
Nd5 9. Ne4 Be7 10. g5 b5 11. Bd3 Qb6 12. Ne2 c5 13. dxc5 Bxc5 14. b4 Bd4 15.
Nxd4 Qxd4 16. Rb1 Qxe5 17. Bb2 Qf4 18. Bxg7 Rg8 19. Bf6 Na6 20. Qh5 {
end of scoresheet} 1-0

[Event "Mechanics' Spring TNM; 30/90, SD/30"]
[Site "San Francisco"]
[Date "2009.04.07"]
[Round "4.1"]
[White "Shakhnazarov, Oleg"]
[Black "Traub, Igor"]
[Result "1-0"]
[WhiteElo "2178"]
[BlackElo "2039"]
[PlyCount "45"]
[EventDate "2009.??.??"]

1. e4 e6 2. d4 d5 3. e5 c5 4. c3 Nc6 5. Nf3 Qb6 6. Bd3 Bd7 7. dxc5 Bxc5 8. O-O
a5 9. a4 Nge7 10. Qe2 Ng6 11. Na3 Rc8 12. Nb5 O-O 13. h4 f6 14. exf6 Rxf6 15.
Bxg6 Rxg6 16. Bf4 Rg4 17. g3 Rf8 18. Bc7 Qxc7 $1 {
The text is strong and forced as} (18... Qa6 {is met by} 19. Ng5 {. Traub had
to see the Queen sacrifice a few moves back but unfortunately does not follow
up correctly.}) 19. Nxc7 Rxg3+ 20. Kh1 Rgxf3 21. Nxe6 Bxe6 $4 (21... Rh3+ 22.
Kg2 Rf6 23. Kxh3 (23. Nxc5 $4 Rg6+) 23... Rxe6 24. Qd1 Re1+ 25. Kg2 Rxd1 26.
Raxd1 Ne7 {gives excellent play with two Bishops and a Knight for two Rooks.})
22. Qxe6+ Kh8 23. Qxd5 {and White went on to win.} 1-0

[Event "Mechanics' Fall TNM; 30/90, SD/30"]
[Site "San Francisco"]
[Date "2009.12.01"]
[Round "7.20"]
[White "Sherwood, Peter"]
[Black "Allen, Tom"]
[Result "1-0"]
[WhiteElo "1737"]
[BlackElo "1550"]
[PlyCount "29"]
[EventDate "2009.??.??"]

1. e4 e5 2. Nf3 Nc6 3. Bb5 f5 4. Nc3 Bb4 5. d4 fxe4 6. dxe5 Bxc3+ 7. bxc3 exf3
8. Qxf3 Nxe5 9. Qh5+ Ng6 10. O-O N8e7 11. Bg5 O-O 12. Bd3 Qe8 13. Rae1 Qf7 14.
Bxe7 Nxe7 15. Qxh7# 1-0

[Event "Mechanics' Summer TNM; 30/90, SD/30"]
[Site "San Francisco"]
[Date "2009.07.14"]
[Round "8.12"]
[White "Sherwood, Peter"]
[Black "Andries, Craig"]
[Result "0-1"]
[WhiteElo "1719"]
[BlackElo "1866"]
[PlyCount "78"]
[EventDate "2009.??.??"]

1. e4 e6 2. d4 d5 3. Nc3 Bb4 4. e5 c5 5. a3 Bxc3+ 6. bxc3 Ne7 7. Qg4 Nf5 8. Bd3
h5 9. Qf4 Nc6 10. Nf3 Nce7 11. O-O Qa5 12. Bb2 c4 13. Be2 Qa4 14. Qd2 Bd7 15.
Rfb1 O-O-O 16. Bc1 Nc6 17. Ra2 Rdf8 18. Rab2 b6 19. Qe1 h4 20. Ng5 f6 21. Nf3
fxe5 22. Nxe5 Nxe5 23. dxe5 Ne7 24. Rb4 Qxc2 25. Bd1 Qf5 26. R4b2 Nc6 27. Re2
Qxb1 28. Bc2 Qb5 29. a4 Qa5 30. Ba3 Rd8 31. Bd6 d4 32. Re4 d3 33. Bd1 Qa6 34.
Qd2 Na5 35. Qg5 h3 36. g3 Qb7 37. Qg4 Rde8 38. Bf3 Bc6 39. Rf4 Bxf3 0-1

[Event "Mechanics' Summer TNM; 30/90, SD/30"]
[Site "San Francisco"]
[Date "2009.06.02"]
[Round "2.25"]
[White "Sherwood, Peter"]
[Black "Chen, Max"]
[Result "0-1"]
[WhiteElo "1719"]
[BlackElo "1506"]
[PlyCount "50"]
[EventDate "2009.??.??"]

1. e4 c5 2. Nf3 Nc6 3. d4 cxd4 4. Nxd4 g6 5. c4 Bg7 6. Be3 Nf6 7. Nc3 O-O 8.
Be2 d6 9. O-O Ng4 10. Bxg4 Bxd4 11. Bxc8 Bxc3 12. Bxb7 Bxb2 13. Bxc6 Rc8 14.
Rb1 Rxc6 15. Rxb2 Rxc4 16. f3 Qc7 17. Qb1 Rc8 18. Rb7 Qa5 19. Rb8 Kg7 20. Rxc8
Rxc8 21. Qb2+ f6 22. a3 Rc3 23. Bd4 Rxa3 24. Ra1 Ra4 25. Rxa4 Qe1# 0-1

[Event "Mechanics' Fall TNM; 30/90, SD/30"]
[Site "San Francisco"]
[Date "2009.11.10"]
[Round "4.27"]
[White "Sherwood, Peter"]
[Black "Durig, Alex"]
[Result "1-0"]
[WhiteElo "1737"]
[BlackElo "1342"]
[PlyCount "83"]
[EventDate "2009.??.??"]

1. e4 c5 2. Nf3 e6 3. d4 cxd4 4. Nxd4 Bc5 5. Nb3 b6 6. Nxc5 bxc5 7. Bd3 d5 8.
O-O d4 9. Qg4 g6 10. Na3 Ba6 11. Nc4 Nc6 12. Qg3 Nf6 13. Nd6+ Ke7 14. Nxf7 Kxf7
15. Bxa6 Nb4 16. Bd3 Nxd3 17. cxd3 Nd7 18. f4 Kg7 19. f5 Rf8 20. fxe6 Rxf1+ 21.
Kxf1 Qf6+ 22. Kg1 Qxe6 23. b3 a5 24. Qf2 Ne5 25. Qc2 Rc8 26. Bf4 Nd7 27. Rc1 h6
28. Bd2 Qb6 29. Qd1 Ra8 30. Bf4 Re8 31. Qg4 Re7 32. Bxh6+ Kxh6 33. Qh4+ Kg7 34.
Qxe7+ Kh6 35. Qxd7 Qb4 36. Qd5 Qd2 37. Qc4 Qxa2 38. Qc2 Qa3 39. e5 Qb4 40. e6
c4 41. Qxc4 Qe7 42. Rf1 1-0

[Event "Mechanics' Fall TNM; 30/90, SD/30"]
[Site "San Francisco"]
[Date "2009.10.27"]
[Round "2.20"]
[White "Sherwood, Peter"]
[Black "Gonda, Thomas"]
[Result "1/2-1/2"]
[WhiteElo "1737"]
[BlackElo "1618"]
[PlyCount "60"]
[EventDate "2009.??.??"]

1. e4 e5 2. Nf3 Nc6 3. Bb5 Nd4 4. Nxd4 exd4 5. O-O c6 6. Be2 Nf6 7. d3 d6 8.
Nd2 Be7 9. f4 O-O 10. f5 b5 11. Qe1 Qb6 12. Qg3 Re8 13. Kh1 Bb7 14. Nf3 c5 15.
Nh4 Nd5 16. Bh6 Bf6 17. Bd2 Ne3 18. Bxe3 dxe3 19. c3 c4 20. Rad1 cxd3 21. Rxd3
Rxe4 22. Rxd6 Bxh4 23. Rxb6 Bxg3 24. Rxb7 Bf2 25. Rd1 a6 26. Rdd7 Rf8 27. g3 g6
28. fxg6 hxg6 29. Kg2 Kg7 30. Kf3 Re6 1/2-1/2

[Event "Mechanics' Winter TNM; 30/90, SD/30"]
[Site "San Francisco"]
[Date "2009.02.03"]
[Round "5.13"]
[White "Sherwood, Peter"]
[Black "Grey, Peter"]
[Result "1/2-1/2"]
[WhiteElo "1709"]
[BlackElo "2000"]
[PlyCount "113"]
[EventDate "2009.??.??"]

1. e4 e5 2. Nf3 Nc6 3. Bb5 a6 4. Ba4 Nf6 5. O-O Be7 6. Re1 b5 7. Bb3 O-O 8. c3
d6 9. h3 Na5 10. Bc2 c5 11. d4 Qc7 12. d5 Bd7 13. Nbd2 Nb7 14. Nf1 Ne8 15. Bg5
f6 16. Bd2 g6 17. Ng3 Ng7 18. Bh6 Nd8 19. Bxg7 Kxg7 20. Nh2 Nf7 21. Ng4 h5 22.
Ne3 Nh6 23. Qf3 h4 24. Ngf1 Qc8 25. Nh2 f5 26. exf5 gxf5 27. Rad1 Qe8 28. Qe2
Qf7 29. Qd3 Kh8 30. Kh1 Rg8 31. Rg1 Rg7 32. Qe2 Rag8 33. Nf3 f4 34. Nf1 Bxh3
35. gxh3 Rxg1+ 36. Nxg1 Qg7 37. Ne3 fxe3 38. fxe3 Bg5 39. Be4 Rf8 40. Nf3 Nf5
41. Bxf5 Rxf5 42. Rg1 Qh6 43. e4 Rxf3 44. Qxf3 Bf4 45. Qg4 Bg3 46. Rf1 Bf4 47.
Qc8+ Kh7 48. Qxa6 Qg6 49. Qb7+ Kh6 50. Rxf4 exf4 51. Qe7 Qg3 52. Qxd6+ Kh7 53.
Qd7+ Kh6 54. Qe6+ Kh7 55. Qf5+ Kh6 56. Qf6+ Kh7 57. Qf5+ {draw agreed} 1/2-1/2

[Event "Mechanics' Summer TNM; 30/90, SD/30"]
[Site "San Francisco"]
[Date "2009.06.30"]
[Round "6.24"]
[White "Sherwood, Peter"]
[Black "Hilliard, Michael"]
[Result "1-0"]
[WhiteElo "1719"]
[BlackElo "1400"]
[PlyCount "69"]
[EventDate "2009.??.??"]

1. e4 c6 2. d4 d5 3. Nc3 dxe4 4. Nxe4 Nd7 5. Ng5 Ngf6 6. Bd3 g6 7. N1f3 Bg7 8.
O-O O-O 9. Re1 Nb6 10. c4 Bg4 11. h3 Bxf3 12. Nxf3 e6 13. Bf4 Nh5 14. Be3 Qc7
15. Qc2 Rad8 16. Rad1 Nf4 17. Bf1 Nd7 18. Qe4 Nh5 19. Qb1 Rfe8 20. Qc1 b6 21.
g4 Nhf6 22. Bf4 Qc8 23. Bg2 c5 24. d5 exd5 25. Rxe8+ Rxe8 26. cxd5 Re2 27. Bf1
Re4 28. Bd3 Ra4 29. Bc4 a6 30. Bb3 Re4 31. Ng5 Re7 32. d6 Re8 33. Bxf7+ Kf8 34.
Bxe8 Nxe8 35. Qc4 1-0

[Event "Mechanics' Winter TNM; 30/90, SD/30"]
[Site "San Francisco"]
[Date "2009.02.24"]
[Round "8.12"]
[White "Sherwood, Peter"]
[Black "Luke, Gary"]
[Result "1/2-1/2"]
[WhiteElo "1709"]
[BlackElo "1812"]
[PlyCount "143"]
[EventDate "2009.??.??"]

1. e4 e5 2. Nf3 Nc6 3. Bb5 Nge7 4. O-O g6 5. Nc3 Bg7 6. d3 O-O 7. a3 d6 8. h3
Be6 9. Ng5 Nd4 10. Nxe6 Nxe6 11. Bc4 Qd7 12. Be3 c6 13. Ba2 d5 14. Ne2 d4 15.
Bd2 c5 16. f4 exf4 17. Nxf4 Nxf4 18. Bxf4 Nc6 19. Qd2 Ne5 20. Rf2 Qb5 21. Rb1
Qa6 22. Bd5 Rac8 23. Rbf1 Rc7 24. Qc1 b5 25. b3 Qb6 26. Bg3 c4 27. bxc4 bxc4
28. Bxe5 Bxe5 29. Bxc4 Rxc4 30. dxc4 Qc5 31. Kh1 Qxc4 32. Qd2 Bd6 33. Qd3 Qc5
34. a4 h5 35. Qb3 Qe5 36. g4 Qxe4+ 37. Qf3 Qxf3+ 38. Rxf3 hxg4 39. hxg4 g5 40.
Rd1 Be5 41. Rf5 f6 42. Kg2 Kg7 43. Rh1 Rc8 44. Rf2 Rc3 45. Rh3 Rc4 46. Ra3 d3
47. cxd3 Rxg4+ 48. Kf3 Rd4 49. Rc2 Bd6 50. Ke3 Rh4 51. Raa2 Kg6 52. d4 Kf5 53.
Rf2+ Ke6 54. Rab2 f5 55. Rb5 Rh3+ 56. Rf3 Bf4+ 57. Ke2 Rh2+ 58. Rf2 Rh4 59. Rf3
a6 60. Rc5 Rh2+ 61. Rf2 Rh4 62. Rf3 Rg4 63. Kd3 Rg2 64. Rc6+ Kd5 65. Rc5+ Kd6
66. Rxf5 Rd2+ 67. Kc3 Ra2 68. R5xf4 gxf4 69. Rxf4 Rxa4 70. Rf5 Ke6 71. Rc5 Kd6
72. Rf5 1/2-1/2

[Event "Mechanics' Fall TNM; 30/90, SD/30"]
[Site "San Francisco"]
[Date "2009.11.24"]
[Round "6.19"]
[White "Sherwood, Peter"]
[Black "Morgan, Jerry"]
[Result "1/2-1/2"]
[WhiteElo "1737"]
[BlackElo "1481"]
[PlyCount "82"]
[EventDate "2009.??.??"]

1. e4 c6 2. d4 d5 3. Nc3 dxe4 4. Nxe4 Bf5 5. Ng3 Bg6 6. h4 h6 7. Nf3 Nd7 8. h5
Bh7 9. Bd3 Bxd3 10. Qxd3 e6 11. Bf4 Qa5+ 12. Bd2 Bb4 13. c3 Be7 14. c4 Qc7 15.
O-O-O Ngf6 16. Rde1 O-O 17. Nf5 Bd8 18. Ng3 Be7 19. Ne2 b5 20. c5 a5 21. Bf4
Qb7 22. Ng3 Nd5 23. Bd2 b4 24. Ne5 Nxe5 25. Rxe5 a4 26. Ne2 Bf6 27. Re4 Rfd8
28. f4 b3 29. a3 Nc7 30. g4 Qb5 31. Rh3 Qxd3 32. Rxd3 Nb5 33. g5 hxg5 34. fxg5
Be7 35. Rg3 Rd5 36. Rg1 Rad8 37. Be3 Rf5 38. Ng3 Rfd5 39. Ne2 Rf5 40. Ng3 Rfd5
41. Ne2 Rf5 1/2-1/2

[Event "Mechanics' Winter TNM; 30/90, SD/30"]
[Site "San Francisco"]
[Date "2009.01.13"]
[Round "2.21"]
[White "Sherwood, Peter"]
[Black "Nelson, Christopher"]
[Result "1-0"]
[WhiteElo "1709"]
[BlackElo "1407"]
[PlyCount "35"]
[EventDate "2009.??.??"]

1. e4 e5 2. Nf3 Nc6 3. Bb5 a6 4. Ba4 Nf6 5. O-O Nxe4 6. d4 b5 7. Bb3 Be7 8.
dxe5 O-O 9. c3 Nc5 10. Bc2 d5 11. Re1 Re8 12. Bf4 Ne6 13. Qd3 g6 14. Bh6 Ng7
15. Bb3 d4 16. Nxd4 Nf5 17. Qf3 Nfxd4 18. Qxf7+ 1-0

[Event "Mechanics' Winter TNM; 30/90, SD/30"]
[Site "San Francisco"]
[Date "2009.01.27"]
[Round "4.15"]
[White "Sherwood, Peter"]
[Black "Shnaiderman, Lazar"]
[Result "1/2-1/2"]
[WhiteElo "1709"]
[BlackElo "1849"]
[PlyCount "91"]
[EventDate "2009.??.??"]

1. e4 c5 2. Nf3 d6 3. d4 cxd4 4. Nxd4 Nf6 5. Nc3 Nc6 6. Be3 Ng4 7. Nxc6 bxc6 8.
Qd2 Nxe3 9. Qxe3 Qb6 10. Qxb6 axb6 11. Bd3 g6 12. Ne2 Bg7 13. c3 O-O 14. O-O
Bd7 15. a3 e6 16. Rad1 d5 17. Bc2 Rfd8 18. f4 f5 19. exf5 exf5 20. Rfe1 Re8 21.
Kf2 Re7 22. Ng1 Rae8 23. Nf3 Rxe1 24. Rxe1 Rxe1 25. Kxe1 Bf6 26. Kd2 Kg7 27.
Ke3 c5 28. Bb3 Be6 29. Ba4 h6 30. h4 Kf8 31. g3 Ke7 32. Bb5 Bf7 33. Ne5 g5 34.
Nxf7 Kxf7 35. hxg5 hxg5 36. Kd3 Ke6 37. b3 gxf4 38. gxf4 Be7 39. a4 Bd6 40. Ke3
d4+ 41. cxd4 cxd4+ 42. Kxd4 Bxf4 43. Bd3 Bd6 44. Ke3 Ke5 45. Kf3 {draw offer}
Bc5 46. Bc4 1/2-1/2

[Event "Mechanics' Wilkerson Mem TNM; 30/90, SD"]
[Site "San Francisco"]
[Date "2009.09.15"]
[Round "7.13"]
[White "Sherwood, Peter"]
[Black "Somerville, Kenneth"]
[Result "0-1"]
[WhiteElo "1760"]
[BlackElo "1551"]
[PlyCount "56"]
[EventDate "2009.??.??"]

1. e4 e6 2. d4 d5 3. Nc3 Nf6 4. e5 Nfd7 5. f4 c5 6. Nf3 Nc6 7. Be3 Be7 8. Qd2
O-O 9. Bd3 f6 10. O-O-O fxe5 11. fxe5 Ndxe5 12. Nxe5 Nxe5 13. dxe5 d4 14. Qe2
Qa5 15. Bd2 dxc3 16. Bxc3 Qxa2 17. b3 Bg5+ 18. Rd2 a5 19. Qh5 Qa3+ 20. Kd1 Bh6
21. Ke2 c4 22. Be4 cxb3 23. cxb3 Qxb3 24. Rd3 b6 25. Bxa8 Ba6 26. Be4 Qxc3 27.
Rhd1 Qc2+ 28. R1d2 Qxd2# 0-1

[Event "Mechanics' Summer TNM; 30/90, SD/30"]
[Site "San Francisco"]
[Date "2009.06.16"]
[Round "4.1"]
[White "Shin, Kyle"]
[Black "Fuentes, Romulo"]
[Result "1-0"]
[WhiteElo "1960"]
[BlackElo "2093"]
[PlyCount "45"]
[EventDate "2009.??.??"]

1. e4 c5 2. Nc3 Nc6 3. g3 g6 4. Bg2 d6 5. d3 Bg7 6. Nge2 h5 7. h3 Nh6 8. O-O
Be6 9. Nf4 Qd7 10. Ncd5 O-O-O 11. c3 f5 12. Nxg6 fxe4 13. dxe4 Bxh3 14. Bxh3
Qxh3 15. Ndf4 Qd7 16. Nxh8 Rxh8 17. Ng6 Qh3 18. Qf3 Ne5 19. Nxe5 Bxe5 20. Bxh6
Rxh6 21. Qf5+ Qxf5 22. exf5 Rf6 23. f4 1-0

[Event "Mechanics' Summer TNM; 30/90, SD/30"]
[Site "San Francisco"]
[Date "2009.07.14"]
[Round "8.5"]
[White "Shin, Kyle"]
[Black "Gray, William"]
[Result "1/2-1/2"]
[WhiteElo "1960"]
[BlackElo "2057"]
[PlyCount "46"]
[EventDate "2009.??.??"]

1. e4 d5 2. exd5 Qxd5 3. Nc3 Qe5+ 4. Be2 c6 5. Nf3 Qc7 6. d4 Nf6 7. Ne5 e6 8.
O-O Bd6 9. Bf4 Nbd7 10. Nxd7 Bxd7 11. Bxd6 Qxd6 12. Qd2 O-O 13. Rad1 Rfd8 14.
f3 c5 15. Ne4 Nxe4 16. fxe4 Bc6 17. e5 Qxd4+ 18. Qxd4 Rxd4 19. Rxd4 cxd4 20.
Rd1 Rd8 21. c3 Kf8 22. Rxd4 Rxd4 23. cxd4 Ke7 1/2-1/2

[Event "Mechanics' Wilkerson Mem TNM; 30/90, SD"]
[Site "San Francisco"]
[Date "2009.09.29"]
[Round "9.4"]
[White "Shin, Kyle"]
[Black "Jones, James"]
[Result "1/2-1/2"]
[WhiteElo "1956"]
[BlackElo "2069"]
[PlyCount "63"]
[EventDate "2009.??.??"]

1. e4 g6 2. d4 Bg7 3. Nf3 c5 4. c3 d5 5. Nbd2 cxd4 6. cxd4 dxe4 7. Nxe4 Nh6 8.
Bb5+ Bd7 9. Bxd7+ Nxd7 10. Bxh6 Bxh6 11. O-O O-O 12. Re1 Rc8 13. Qe2 Nf6 14.
Rad1 Nd5 15. Ne5 Qa5 16. Nc5 b6 17. Qf3 bxc5 18. Qxd5 e6 19. Qe4 cxd4 20. Nc6
Qc5 21. Nxd4 Bg7 22. b3 Rfd8 23. Nf3 Rxd1 24. Rxd1 Qc2 25. Qxc2 Rxc2 26. a4 Rb2
27. Rd8+ Bf8 28. Kf1 Kg7 29. Ne5 Rxb3 30. Rd7 Rb1+ 31. Ke2 Rb2+ 32. Kf1 1/2-1/2

[Event "Mechanics' Wilkerson Mem TNM; 30/90, SD"]
[Site "San Francisco"]
[Date "2009.09.08"]
[Round "6.5"]
[White "Shin, Kyle"]
[Black "Manvelyan, Hayk"]
[Result "0-1"]
[WhiteElo "1956"]
[BlackElo "2071"]
[PlyCount "45"]
[EventDate "2009.??.??"]

1. e4 e6 2. d4 d5 3. exd5 exd5 4. Nf3 Bd6 5. Bd3 Ne7 6. Ne5 O-O 7. O-O Bf5 8.
Bxf5 Nxf5 9. Qg4 g6 10. c4 dxc4 11. Nc3 Nd7 12. Nxc4 Nf6 13. Qd1 Nxd4 14. Bg5
Be7 15. Re1 Ne6 16. Bxf6 Qxd1 17. Raxd1 Bxf6 18. Nd5 Bg7 19. b3 Rfd8 20. Na5 c6
21. Ne7+ Kf8 22. Nexc6 bxc6 23. Nxc6 0-1

[Event "Mechanics' Summer TNM; 30/90, SD/30"]
[Site "San Francisco"]
[Date "2009.07.07"]
[Round "7.2"]
[White "Shin, Kyle"]
[Black "Shakhnazarov, Oleg"]
[Result "0-1"]
[WhiteElo "1960"]
[BlackElo "2184"]
[PlyCount "64"]
[EventDate "2009.??.??"]

1. d4 e6 2. e4 Be7 3. Nf3 d6 4. Nc3 Nd7 5. Be3 a6 6. a4 g5 7. h3 h6 8. Bd3 b6
9. Qe2 Bb7 10. O-O-O c5 11. d5 e5 12. Nd2 Ngf6 13. h4 g4 14. f3 Nh5 15. fxg4
Ng3 16. Qf3 Nxh1 17. Rxh1 Nf6 18. Rf1 Bc8 19. g5 Ng4 20. Qxf7+ Kd7 21. Nc4 Kc7
22. a5 Rf8 23. axb6+ Kb8 24. Na5 Bd7 25. Qh5 Nxe3 26. Rxf8 Qxf8 27. Qe2 Qf4 28.
g3 Qxg3 29. Nc6+ Kb7 30. Nxe7 Bg4 31. Qd2 Qg1+ 32. Nd1 Bxd1 0-1

[Event "Mechanics' Wilkerson Mem TNM; 30/90, SD"]
[Site "San Francisco"]
[Date "2009.08.11"]
[Round "2.2"]
[White "Shin, Kyle"]
[Black "Shakhnazarov, Oleg"]
[Result "1-0"]
[WhiteElo "1956"]
[BlackElo "2194"]
[PlyCount "79"]
[EventDate "2009.??.??"]

1. d4 Nf6 2. Nf3 g6 3. c4 Bg7 4. Nc3 d6 5. g3 O-O 6. Bg2 c6 7. O-O Nbd7 8. e4
e5 9. d5 cxd5 10. cxd5 Nc5 11. Qc2 b5 12. Be3 b4 13. Bxc5 bxc3 14. Ba3 cxb2 15.
Rab1 Ba6 16. Rfe1 Rc8 17. Qb3 Bc4 18. Qb4 Bd3 19. Rxb2 Rc4 20. Qb3 Qc8 21. Bxd6
Bxe4 22. Nxe5 Rc3 23. Qa4 Bxg2 24. Rb8 Qh3 25. Bxf8 Bxd5 26. Be7+ Rc8 27. Rxc8+
Qxc8 28. Bxf6 Bxf6 29. Nd7 Qc3 30. Rd1 Be6 31. Qxa7 Be7 32. a4 h5 33. a5 h4 34.
Qd4 Qf3 35. Qd3 Qa8 36. Qb5 Qe4 37. Qb8+ Kh7 38. Qf4 Qa8 39. Nf6+ Kg7 40. Nd7 {
remainder illegible} 1-0

[Event "Mechanics' Summer TNM; 30/90, SD/30"]
[Site "San Francisco"]
[Date "2009.06.02"]
[Round "2.12"]
[White "Shin, Kyle"]
[Black "Standen, Julian"]
[Result "1-0"]
[WhiteElo "1960"]
[BlackElo "1781"]
[PlyCount "117"]
[EventDate "2009.??.??"]

1. e4 c6 2. d4 d5 3. Nc3 dxe4 4. Nxe4 Nd7 5. Bc4 Ngf6 6. Ng5 e6 7. Qe2 Nb6 8.
N1f3 Nxc4 9. Qxc4 h6 10. Nh3 Qd5 11. Qxd5 cxd5 12. O-O Be7 13. Ne5 O-O 14. Nf4
Bd7 15. Re1 Rad8 16. Nfd3 b6 17. Bd2 Rc8 18. Rac1 Bb5 19. Bb4 Rfe8 20. b3 Bxd3
21. Nxd3 Bxb4 22. Nxb4 Rc3 23. Re3 Rec8 24. Rxc3 Rxc3 25. f3 Kf8 26. Kf2 Ke7
27. Nd3 Nd7 28. Ke2 Kd6 29. Kd2 Rc7 30. a4 a5 31. Nf4 g5 32. Ne2 f6 33. Nc3 Rc8
34. Nb5+ Ke7 35. Re1 Nf8 36. Kd3 Kd7 37. c4 Ng6 38. g3 Ne7 39. Nc3 Kd6 40. Rc1
Rc6 41. c5+ bxc5 42. Nb5+ Kd7 43. dxc5 Ra6 44. Nd6 Kc6 45. Ne8 Ng8 46. Ng7 e5
47. Nf5 Ra7 48. f4 Rb7 49. Rc3 d4 50. Rc1 Rxb3+ 51. Ke4 Rb4 52. fxe5 fxe5 53.
Kxe5 Rxa4 54. Nxd4+ Kc7 55. Rf1 Ne7 56. Rf7 Kd8 57. c6 Rc4 58. Ne6+ Ke8 59.
Rf8# 1-0

[Event "Capps Memorial"]
[Site "San Francisco"]
[Date "2009.11.08"]
[Round "5"]
[White "Shipman, Walter"]
[Black "Loanzon, Arjoe"]
[Result "1/2-1/2"]
[WhiteElo "2227"]
[BlackElo "2245"]
[PlyCount "65"]
[EventDate "2009.11.08"]
[EventType "swiss"]
[EventRounds "6"]
[EventCountry "USA"]

1. d4 Nf6 2. Nc3 d5 3. Bg5 Nbd7 4. Qd3 h6 5. Bh4 e6 6. O-O-O Be7 7. f3 c5 8. e4
cxd4 9. Qxd4 e5 10. Qa4 d4 11. Bxf6 Bxf6 12. Nd5 O-O 13. Bb5 Nb6 14. Nxb6 Qxb6
15. Ne2 Be6 16. Bc4 Bxc4 17. Qxc4 Rfc8 18. Qb3 Qa6 19. Rhe1 Rc6 20. Kb1 Rac8
21. Nc1 Rxc2 22. Qxc2 Rxc2 23. Kxc2 Bg5 24. Nd3 f6 25. Kb1 Qb5 26. Re2 h5 27.
Rc2 b6 28. b3 a5 29. Kb2 Be3 30. a4 Qa6 31. Rc4 Kh7 32. Kc2 Qb7 33. Re1 1/2-1/2

[Event "Mechanics' Winter TNM; 30/90, SD/30"]
[Site "San Francisco"]
[Date "2009.01.06"]
[Round "1.1"]
[White "Shipman, Walter"]
[Black "Royzen, Igor"]
[Result "1-0"]
[WhiteElo "2235"]
[BlackElo "1715"]
[PlyCount "99"]
[EventDate "2009.??.??"]

1. d4 d5 2. c4 c6 3. Nf3 Nf6 4. e3 Bf5 5. Nc3 e6 6. Qb3 Qb6 7. c5 Qc7 8. Nh4
Bg6 9. Nxg6 hxg6 10. h3 Nbd7 11. Qc2 e5 12. b4 Be7 13. Bb2 exd4 14. exd4 O-O
15. Be2 Rfe8 16. O-O Bf8 17. Bf3 Re6 18. Rae1 Rae8 19. Qd2 Qd8 20. Rxe6 Rxe6
21. Re1 Qe8 22. Kf1 Rxe1+ 23. Qxe1 Qxe1+ 24. Kxe1 Be7 25. Bc1 Kf8 26. Bf4 Ke8
27. b5 Kd8 28. bxc6 bxc6 29. Be2 Ne8 30. Ba6 Nc7 31. Bb7 Ne6 32. Be3 Kc7 33.
Ba6 Bg5 34. Ne2 Bxe3 35. fxe3 Nf6 36. Bd3 Ng5 37. Nc3 Nge4 38. Nxe4 Nxe4 39.
Bxe4 dxe4 40. h4 Kd7 41. Kf2 Ke6 42. Kg3 Kf5 43. Kh3 f6 44. Kg3 Ke6 45. Kf4 f5
46. Kg5 Kf7 47. g3 a6 48. a3 a5 49. a4 Ke6 50. Kxg6 1-0

[Event "Mechanics' Winter TNM; 30/90, SD/30"]
[Site "San Francisco"]
[Date "2009.02.03"]
[Round "5.1"]
[White "Shipman, Walter"]
[Black "Shakhnazarov, Oleg"]
[Result "0-1"]
[WhiteElo "2235"]
[BlackElo "2163"]
[PlyCount "80"]
[EventDate "2009.??.??"]

1. d4 e6 2. g3 Be7 3. Bg2 d6 4. Nc3 Nd7 5. e4 a6 6. a4 g5 7. Be3 h5 8. Qd2 h4
9. Nh3 g4 10. Nf4 h3 11. Bf1 Ngf6 12. Be2 b6 13. f3 Bb7 14. O-O c5 15. d5 e5
16. Nd3 gxf3 17. Rxf3 Rg8 18. Nf2 Qc7 19. Nxh3 O-O-O 20. Bg5 c4 21. Raf1 Rg6
22. Rf5 Rh8 23. Nf2 Kb8 24. Ng4 Nxg4 25. Bxg4 f6 26. Qe2 fxg5 27. Rf7 Nf6 28.
Bf5 Rgh6 29. h3 Bc8 30. Qe3 Bxf5 31. Rxf5 Rxh3 32. R5xf6 Rh1+ 33. Kg2 R8h2+ 34.
Kf3 Rf1+ 35. Kg4 Rxf6 36. Rxe7 Qxe7 37. Qxb6+ Qb7 38. Qd8+ Qc8+ 39. Qxc8+ Kxc8
40. Kxg5 Rf8 0-1